| 000 | 01044cam a2200313 i 4500 | ||
|---|---|---|---|
| 001 | 28489 | ||
| 003 | Mx-PuUPA | ||
| 005 | 20260226121850.0 | ||
| 008 | 140415s2023 mx gr 000 0 spa d | ||
| 020 | _a9786075414959 | ||
| 040 |
_aMx-PuUPA _bspa _cMx-PuUPA _dMx-PuUPA _erda |
||
| 041 | 0 | _aspa | |
| 043 | _an-mx--- | ||
| 110 | 2 |
_aEdiciones Fiscales ISEF, _96635 _eautor |
|
| 240 | 1 | 0 |
_aObras _pFiscales. _f2024 |
| 245 | 1 | 0 |
_aCódigo fiscal de la federación : _bcorrelacionado y reglamentado 2024 / _cEdiciones fiscales ISEF |
| 250 | _aPrimera edición | ||
| 264 | 1 |
_aCiudad de México : _bEditorial ISEF, _c2023 |
|
| 300 |
_a1 volumen (paginación varía) ; _c21 cm |
||
| 336 |
_atexto _2rdacontent _btxt |
||
| 337 |
_asin medio _2rdamedia _bn |
||
| 338 |
_avolumen _2rdacarrier _bnc |
||
| 500 | _a"Con 12 casos prácticos". -- Cubierta | ||
| 650 | 7 |
_2armarc _aDerecho fiscal _zMéxico |
|
| 650 | 7 |
_2armarc _aImpuestos _zMéxico |
|
| 942 |
_2ddc _cLI _h343.7204 _iC66 |
||
| 999 |
_c28489 _d28489 |
||